Piosenki | Wpisz brakującego Artystę #3 - Statystyki

Ogólne statystyki
  • Ten quiz został rozwiązany 205 razy
  • Średni wynik to 7 z 18
Statystyki odpowiedzi
Utwór Odpowiedź % Poprawnych
...... - Halo Beyoncé
76%
...... - Counting Stars OneRepublic
74%
...... - Tik Tok Ke$ha
71%
...... - Party In The U.S.A. Miley Cyrus
63%
...... - Mambo No. 5 Lou Bega
46%
...... - Boulevard Of Broken Dreams Green Day
44%
...... - I Know You Want Me Pitbull
44%
...... - 22 Taylor Swift
38%
Sia ft. ...... - Cheap Thrills Sean Paul
36%
...... - Come As You Are Nirvana
33%
...... - My Humps The Black Eyed Peas
33%
...... - My Immortal Evanescence
29%
...... ft. Dr.Dre - California Love 2Pac
25%
...... ft. Kelly Rowland - Dilemma Nelly
25%
The Pussycat Dolls ft. ...... - Buttons Snoop Dogg
21%
Machine Gun Kelly ft. ...... - Bad Things Camila Cabello
19%
Flo Rida ft. ...... - Club Can't Handle Me David Guetta
16%
50 Cent ft. ...... - Ayo Technology Justin Timberlake
14%
Nie znaleziono quizów pasujących do podanych kryteriów
Rozkład punktacji
Procent ludzi z każdym wynikiem
Percentyl według liczby udzielonych odpowiedzi
Twoja historia wyników
Nie rozwiązałeś tego quizu